00000000nam##2200000za#4500
0019.626357
003CaOODSP
00520210615104503
007ta
008150406|1980||||xxc|||||     f|0| 0 fre|d
040 |aCaOODSP|bfre
043 |an-cn---
0861 |aNH18-1/1F
1102 |aSociété canadienne d'hypothèques et de logement.
24513|aLa location viagère au Canada : |bétude préliminaire de certains enjeux relatifs à la protection des consommateurs / |cRédigé par Lumina Services Inc.; Chercheur principal: Kate Mancer.
260 |aOttawa - Ontario : |bSociété canadienne d'hypothèques et de logement |c2003.
300 |a78p. ; |c28 cm.
4901 |aRapport de recherche
500 |a«Programme de subventions de recherche».--Couverture.
5203 |aLa présente étude, réalisée dans le cadre du Programme de subventions de recherche de la SCHL, porte sur la location viagère. Elle décrit le fonctionnement de la location viagère au Canada et explore certains enjeux de la réglementation de ce mode d’occupation pour les aînés relativement nouveau.
563 |aCouverture souple
590 |a03-41|b2003-10-10
69107|aLogement|2gcpds
69107|aProtection du consommateur|2gcpds
7102 |aLumina Services Inc.
7201 |aMancer, Kate
77508|tLife lease housing in Canada : |w(CaOODSP)9.616540
7760#|tLa location viagère au Canada : |w(CaOODSP)9.600532
830#0|aRapport de recherche.|w(CaOODSP)9.513459